| 000 | 01210nam a2200289Ia 4500 | ||
|---|---|---|---|
| 003 | OSt | ||
| 005 | 20221005110220.0 | ||
| 006 | a|||||r|||| 00| 0 | ||
| 007 | ta | ||
| 008 | 221004b |||||||| |||| 00| 0 urd d | ||
| 020 |
_a9788126025244 (pbk) _c200 |
||
| 024 | _a93661 | ||
| 037 |
_b528, 19/03/2009, Vani Prakashan _cTextual |
||
| 040 |
_aCRL _cCRL _burd |
||
| 041 |
_2urd _aurd |
||
| 082 | _aO168,3N05:g, 152P8 | ||
| 100 | _aकमर रईस | ||
| 245 | 0 | _aसज्जाद ज़हीर, अनु0रशिद अज़िज़ सैफ़ी | |
| 246 | _aSajjād ज़hīra, anurashid aज़iज़ saiफ़ī | ||
| 260 |
_aनई दिल्ली _bसाहित्य अकादेमी भारत _c2008 |
||
| 300 |
_a127पृ0 _ccm. |
||
| 490 | _aभारतीय साहित्य के निर्माता | ||
| 650 | _aउर्दू साहित्य | ||
| 700 | _a सैफ़ी, रशिद अज़िज़, अनु. | ||
| 942 |
_hO168,3N05:g, 152P8 _cTEXL _2cc |
||
| 999 |
_c1018140 _d1018140 |
||